[Event "ODJM C 2022"]
[Site "Willingen GER"]
[Date "2022.06.05"]
[Round "1"]
[White "Wolf, Adam"]
[Black "Ollhoff, Hannes"]
[Result "0-1"]
[Termination "normal"]
[Board "13"]
[WhiteElo "926"]
[BlackElo "1235"]
[PlyCount "72"]
[WhiteFideId "34623426"]
[BlackFideId "16266927"]
[EventCountry "GER"]
[EventRounds "9"]
[EventType "swiss"]
[EventDate "2022.06.04"]

1. e4 e6 2. d4 d5 3. exd5 exd5 4. Nc3 Nf6 5. Nf3 c6 6. Bd3 Bd6 7. O-O O-O 8.
Bg5 Bg4 9. h3 Bh5 10. Be2 Nbd7 11. Re1 Qc7 12. Ne5 Bxe2 13. Rxe2 Nxe5 14. dxe5
Bxe5 15. Qd2 Bxc3 16. Qxc3 Ne4 17. Qe3 Rfe8 18. Rae1 Re6 19. Qf4 Qb6 20. b3
Rae8 21. Re3 Qc5 22. R1e2 h6 23. Rf3 Nxg5 24. Rfe3 Rxe3 25. Rxe3 Rxe3 26. Qxe3
Qxe3 27. fxe3 Ne4 28. Kf1 Kf8 29. a4 Ke7 30. Ke2 Ke6 31. Kf3 Kf5 32. h4 h5 33.
g3 f6 34. Kg2 Kg4 35. c4 dxc4 36. bxc4 Nxg3 0-1

[Event "ODJM C 2022"]
[Site "Willingen GER"]
[Date "2022.06.05"]
[Round "1"]
[White "Menne, Lukas"]
[Black "Reh, Krispin"]
[Result "0-1"]
[Termination "normal"]
[Board "14"]
[WhiteElo "1150"]
[BlackElo "1006"]
[PlyCount "84"]
[WhiteFideId "16288467"]
[BlackFideId "16299205"]
[EventCountry "GER"]
[EventRounds "9"]
[EventType "swiss"]
[EventDate "2022.06.04"]

1. d4 e6 2. Nf3 Nc6 3. Bf4 Bb4+ 4. c3 Ba5 5. e3 a6 6. Bd3 d6 7. O-O Nf6 8. Qe2
O-O 9. Nbd2 b5 10. b4 Bb6 11. Ng5 h6 12. Nh3 Re8 13. Qf3 Bb7 14. Qg3 Nh5 15.
Qg4 Nxf4 16. Nxf4 Bc8 17. Qf3 Bd7 18. e4 e5 19. d5 exf4 20. dxc6 Bxc6 21. Qxf4
Re6 22. Rfe1 Rf6 23. Qg4 Bd7 24. Qe2 Rxf2 25. Qxf2 Bxf2+ 26. Kxf2 Qf6+ 27. Nf3
Qxc3 28. Ke3 Qxb4 29. Rab1 Qc5+ 30. Nd4 Re8 31. Rbc1 Qg5+ 32. Kf2 c5 33. Nf3
Qf6 34. e5 dxe5 35. Rxc5 Qb6 36. Rec1 e4 37. Bxe4 Rxe4 38. Kf1 b4 39. Ne5 Rxe5
40. Rxe5 Qf6+ 41. Kg1 Qxe5 42. Rc4 Qe1# 0-1

[Event "ODJM C 2022"]
[Site "Willingen GER"]
[Date "2022.06.05"]
[Round "1"]
[White "Classen, Miguel"]
[Black "Heß, Maxim"]
[Result "0-1"]
[Termination "normal"]
[Board "15"]
[WhiteElo "881"]
[BlackElo "1146"]
[PlyCount "64"]
[WhiteFideId "34623825"]
[BlackFideId "16287550"]
[EventCountry "GER"]
[EventRounds "9"]
[EventType "swiss"]
[EventDate "2022.06.04"]

1. e4 c5 2. Nf3 e6 3. d4 cxd4 4. Nxd4 a6 5. Nc3 Qc7 6. Be3 Nc6 7. Qd2 Nf6 8.
O-O-O Bb4 9. a3 Nxe4 10. Qe1 Nxc3 11. bxc3 Bxa3+ 12. Kd2 Nxd4 13. Bxd4 O-O 14.
Bd3 d5 15. g4 f6 16. Qe3 b5 17. Rhg1 Bd6 18. g5 Bf4 19. gxf6 Bxe3+ 20. Kxe3 Rf7
21. Rg5 h6 22. Rxg7+ Rxg7 23. fxg7 e5 24. Rg1 exd4+ 25. cxd4 Qf7 26. Rg3 Bf5
27. Bxf5 Qxf5 28. Rf3 Re8+ 29. Kd2 Qxf3 30. c4 b4 31. c5 Qc3+ 32. Kd1 Re1# 0-1

[Event "ODJM C 2022"]
[Site "Willingen GER"]
[Date "2022.06.05"]
[Round "1"]
[White "Stepanjan, Tatevik Mia"]
[Black "Lola, Ioanna-Maria"]
[Result "1-0"]
[Termination "normal"]
[Board "16"]
[WhiteElo "1057"]
[BlackElo "842"]
[PlyCount "95"]
[WhiteFideId "16246128"]
[BlackFideId "34620397"]
[EventCountry "GER"]
[EventRounds "9"]
[EventType "swiss"]
[EventDate "2022.06.04"]

{[%evp 0,79,19,30,32,25,47,17,17,20,43,41,65,37,70,22,34,16,117,120,133,119,
123,124,156,152,152,147,302,134,121,131,528,558,631,635,636,637,637,634,638,
639,639,640,716,682,686,641,663,654,690,737,737,704,785,776,798,758,786,791,
832,797,901,901,893,809,852,865,897,889,911,970,980,1061,28326,1409,1185,1460,
1600,1229,1581,1596]} 1. e4 e5 2. Nf3 Nf6 3. Nc3 Nc6 4. Bb5 d6 5. d4 Bd7 6. Bg5
Be7 7. O-O O-O 8. Re1 a6 9. Bxc6 Bxc6 10. dxe5 dxe5 11. Nxe5 Qxd1 12. Raxd1 Be8
13. Ng4 Rd8 14. e5 Rxd1 15. Rxd1 Bd7 16. exf6 Bxg4 17. fxe7 Bxd1 18. exf8=Q+
Kxf8 19. Nxd1 f6 20. Bf4 c6 21. f3 g5 22. Bd6+ Kf7 23. Kf2 Ke6 24. Bb4 b5 25.
Ke3 Ke5 26. g3 h5 27. f4+ Kf5 28. fxg5 Kxg5 29. Nc3 h4 30. Kf3 f5 31. gxh4+
Kxh4 32. Kg2 Kg4 33. Ne2 f4 34. h3+ Kf5 35. Kf3 Ke6 36. Nxf4+ Kf5 37. h4 Kf6
38. Bc3+ Kf7 39. h5 Kg8 40. h6 Kh7 41. Bg7 Kg8 42. Nh5 Kh7 43. Kg4 Kg8 44. Kg5
Kf7 45. h7 Ke6 46. h8=Q Kd5 47. Qd8+ Kc5 48. Qd4# 1-0

[Event "ODJM C 2022"]
[Site "Willingen GER"]
[Date "2022.06.05"]
[Round "1"]
[White "Kanno, Gabriel"]
[Black "Schöne, Finn"]
[Result "0-1"]
[Termination "normal"]
[Board "17"]
[WhiteElo "838"]
[BlackElo "1110"]
[PlyCount "80"]
[WhiteFideId "34623973"]
[BlackFideId "34623493"]
[EventCountry "GER"]
[EventRounds "9"]
[EventType "swiss"]
[EventDate "2022.06.04"]

1. e4 c5 2. Nf3 Nc6 3. Nc3 e6 4. Bc4 a6 5. a3 b5 6. Ba2 Qc7 7. d3 Nf6 8. Bg5
Be7 9. O-O O-O 10. Bh4 Bb7 11. Re1 Rfd8 12. h3 d5 13. Bg3 Bd6 14. Bxd6 Qxd6 15.
exd5 exd5 16. Qd2 b4 17. axb4 Nxb4 18. Bb3 d4 19. Na4 Bxf3 20. gxf3 Nd7 21. Re2
Ne5 22. Kg2 Qg6+ 23. Kh1 Nxf3 24. Qf4 Ng5 25. Rg1 Nxh3 26. Rxg6 Nxf4 27. Rxg7+
Kxg7 28. Re7 Rf8 29. Nxc5 Rac8 30. Nd7 Rc7 31. Re4 Rxd7 32. Rxf4 Rd6 33. Rg4+
Rg6 34. Re4 Rc8 35. c4 Nxd3 36. Rxd4 Nxf2+ 37. Kh2 Rc5 38. Rh4 Rcg5 39. Rxh7+
Kxh7 40. Bd1 Rg2# 0-1

[Event "ODJM C 2022"]
[Site "Willingen GER"]
[Date "2022.06.05"]
[Round "1"]
[White "Reger, Christoph"]
[Black "Kulgemeyer, Justus"]
[Result "1-0"]
[Termination "normal"]
[Board "18"]
[WhiteElo "1056"]
[BlackElo "797"]
[PlyCount "113"]
[WhiteFideId "16287606"]
[BlackFideId "34623671"]
[EventCountry "GER"]
[EventRounds "9"]
[EventType "swiss"]
[EventDate "2022.06.04"]

1. d4 d5 2. Bf4 Nf6 3. e3 Bf5 4. c4 Nc6 5. Nc3 e6 6. Qb3 Nb4 7. Rc1 Bd3 8. c5
a5 9. Nb5 Bxb5 10. Bxb5+ c6 11. Be2 b6 12. a3 Na6 13. Qxb6 Qxb6 14. cxb6 Nd7
15. Rxc6 Nab8 16. b7 Ra7 17. Bxb8 Nxb8 18. Rc8+ Kd7 19. Rxb8 Kc7 20. Ra8 Rxb7
21. Rxa5 Rxb2 22. Nf3 Bd6 23. O-O Rxe2 24. Rc1+ Kb6 25. Ra4 Ra2 26. Rb1+ Kc6
27. Ra6+ Kc7 28. Rc1+ Kb7 29. Rxd6 Rc8 30. Rd7+ Kb6 31. Rd1 Rac2 32. g3 Ra2 33.
Rxf7 Rcc2 34. Ne5 Rxa3 35. Rb1+ Ka6 36. Rxg7 Raa2 37. Rg8 Rc7 38. Nc6 Ra7 39.
Nxa7 Kxa7 40. Rg7+ Ka6 41. Rgb7 Ra4 42. R1b6+ Ka5 43. Ra7+ Kxb6 44. Rxa4 Kc6
45. Ra6+ Kd7 46. Ra7+ Kd6 47. Rxh7 e5 48. Rh6+ Ke7 49. dxe5 Kf7 50. e6+ Ke7 51.
g4 Kd6 52. g5 Ke7 53. Rf6 Ke8 54. Rf7 Kd8 55. g6 Ke8 56. g7 Kd8 57. g8=Q# 1-0

[Event "ODJM C 2022"]
[Site "Willingen GER"]
[Date "2022.06.05"]
[Round "1"]
[White "Schwarzfischer, Ramona"]
[Black "Jansen, Malte"]
[Result "0-1"]
[Termination "normal"]
[Board "19"]
[WhiteElo "775"]
[BlackElo "1391"]
[PlyCount "42"]
[WhiteFideId "16268113"]
[BlackFideId "16295137"]
[EventCountry "GER"]
[EventRounds "9"]
[EventType "swiss"]
[EventDate "2022.06.04"]

{normal} 1. e4 e5 2. Nf3 Nc6 3. Nc3 Bc5 4. Bc4 Nf6 5. d3 d6 6. Bg5 h6 7. Bd2
O-O 8. h4 Bg4 9. Bb5 Nd4 10. Be3 c6 11. Bc4 Qb6 12. Na4 Qa5+ 13. Nc3 Rad8 14.
Bxd4 exd4 15. Qd2 dxc3 16. Qc1 cxb2+ 17. Qd2 bxa1=Q+ 18. Ke2 Qxd2+ 19. Kxd2
Qxh1 20. e5 dxe5 21. Nxe5 Ne4# 0-1

[Event "ODJM C 2022"]
[Site "Willingen GER"]
[Date "2022.06.05"]
[Round "1"]
[White "Rabus, Johann"]
[Black "Rabe, Elina"]
[Result "1-0"]
[Termination "normal"]
[Board "20"]
[WhiteElo "1079"]
[BlackElo "764"]
[PlyCount "65"]
[WhiteFideId "34602950"]
[BlackFideId "34623531"]
[EventCountry "GER"]
[EventRounds "9"]
[EventType "swiss"]
[EventDate "2022.06.04"]

{normal} 1. e4 e5 2. Nf3 Nc6 3. d4 d5 4. Bb5 Nf6 5. O-O Be7 6. Nxe5 O-O 7. Nxc6
bxc6 8. Bxc6 Rb8 9. Nc3 Be6 10. e5 Ne8 11. Qf3 Rb6 12. Bxd5 Bxd5 13. Nxd5 Rb5
14. Nxe7+ Qxe7 15. b3 f6 16. a4 fxe5 17. Ba3 Qxa3 18. Rxa3 Rxf3 19. axb5 Rf6
20. dxe5 Re6 21. f4 c6 22. bxc6 Rxc6 23. Rxa7 Rxc2 24. e6 Re2 25. f5 h6 26. e7
Nd6 27. Ra8+ Kf7 28. Ra7 Re3 29. h4 Rxb3 30. Re1 Ke8 31. Ra8+ Kd7 32. Rd8+ Kc7
33. Rxd6 1-0

[Event "ODJM C 2022"]
[Site "Willingen GER"]
[Date "2022.06.05"]
[Round "2"]
[White "Eitel, Luc"]
[Black "Ginschel, Leonhard"]
[Result "1/2-1/2"]
[Termination "normal"]
[Board "1"]
[WhiteElo "1220"]
[BlackElo "1236"]
[WhiteClock "00:13:40"]
[BlackClock "00:15:15"]
[PlyCount "88"]
[WhiteFideId "16299728"]
[BlackFideId "16290917"]
[EventCountry "GER"]
[EventRounds "9"]
[EventType "swiss"]
[EventDate "2022.06.04"]

1. e4 {[%clk 1:30:58]} e5 {[%clk 1:30:56]} 2. Nf3 {[%clk 1:31:11]} Nc6 {[%clk
1:31:22]} 3. Bc4 {[%clk 1:31:08]} Bc5 {[%clk 1:31:46]} 4. c3 {[%clk 1:31:10]}
Nf6 {[%clk 1:31:51]} 5. d3 {[%clk 1:31:28]} d6 {[%clk 1:32:11]} 6. a4 {[%clk
1:29:32]} a6 {[%clk 1:31:34]} 7. Bg5 {[%clk 1:27:46]} h6 {[%clk 1:28:46]} 8.
Bxf6 {[%clk 1:21:45]} Qxf6 {[%clk 1:28:57]} 9. h3 {[%clk 1:18:13]} Ba7 {[%clk
1:19:25]} 10. Nbd2 {[%clk 1:16:50]} Ne7 {[%clk 1:16:30]} 11. Nf1 {[%clk
1:09:30]} Ng6 {[%clk 1:13:48]} 12. g3 {[%clk 1:03:50]} h5 {[%clk 1:07:08]} 13.
h4 {[%clk 1:02:08]} Bg4 {[%clk 1:06:18]} 14. N1h2 {[%clk 0:56:12]} Ne7 {[%clk
1:01:41]} 15. Qe2 {[%clk 0:55:55]} Be6 {[%clk 0:51:13]} 16. Bxe6 {[%clk
0:54:14]} Qxe6 {[%clk 0:50:21]} 17. Nf1 {[%clk 0:51:06]} f6 {[%clk 0:47:58]}
18. Ne3 {[%clk 0:49:18]} O-O-O {[%clk 0:44:48]} 19. b4 {[%clk 0:43:40]} d5
{[%clk 0:40:34]} 20. b5 {[%clk 0:38:02]} a5 {[%clk 0:31:40]} 21. Qa2 {[%clk
0:30:22]} Qd7 {[%clk 0:26:14]} 22. Qd2 {[%clk 0:25:02]} dxe4 {[%clk 0:25:58]}
23. dxe4 {[%clk 0:22:20]} Qxd2+ {[%clk 0:26:09]} 24. Nxd2 {[%clk 0:22:36]} Bxe3
{[%clk 0:25:48]} 25. fxe3 {[%clk 0:22:57]} Rd3 {[%clk 0:25:25]} 26. Nc4 {[%clk
0:21:46]} b6 {[%clk 0:22:20]} 27. Rc1 {[%clk 0:20:51]} Kb7 {[%clk 0:20:17]} 28.
Ke2 {[%clk 0:20:17]} Rhd8 {[%clk 0:19:09]} 29. Rhd1 {[%clk 0:18:52]} Rxd1
{[%clk 0:16:50]} 30. Rxd1 {[%clk 0:19:12]} Rxd1 {[%clk 0:17:15]} 31. Kxd1
{[%clk 0:19:34]} Nc8 {[%clk 0:17:01]} 32. Ke2 {[%clk 0:19:22]} Nd6 {[%clk
0:17:13]} 33. Nxd6+ {[%clk 0:18:46]} cxd6 {[%clk 0:17:38]} 34. Kf3 {[%clk
0:18:29]} Kc7 {[%clk 0:16:21]} 35. g4 {[%clk 0:18:20]} hxg4+ {[%clk 0:16:23]}
36. Kxg4 {[%clk 0:18:42]} Kd7 {[%clk 0:15:21]} 37. Kf5 {[%clk 0:19:02]} Ke7
{[%clk 0:15:41]} 38. Kg6 {[%clk 0:18:22]} Kf8 {[%clk 0:15:44]} 39. h5 {[%clk
0:17:35]} Kg8 {[%clk 0:15:39]} 40. c4 {[%clk 0:15:27]} Kf8 {[%clk 0:15:38]} 41.
h6 {[%clk 0:13:02]} gxh6 {[%clk 0:15:17]} 42. Kxf6 {[%clk 0:13:18]} h5 {[%clk
0:15:33]} 43. Kg5 {[%clk 0:13:31]} Kg7 {[%clk 0:15:15]} 44. Kxh5 {[%clk
0:13:40]} Kh7 {[%clk 0:15:15]} 1/2-1/2

[Event "ODJM C 2022"]
[Site "Willingen GER"]
[Date "2022.06.05"]
[Round "2"]
[White "Braschler, David"]
[Black "Roth, Jonas"]
[Result "0-1"]
[Termination "normal"]
[Board "3"]
[WhiteElo "1046"]
[BlackElo "1239"]
[WhiteClock "00:30:28"]
[BlackClock "00:45:23"]
[PlyCount "73"]
[WhiteFideId "34623850"]
[BlackFideId "34623515"]
[EventCountry "GER"]
[EventRounds "9"]
[EventType "swiss"]
[EventDate "2022.06.04"]

1. e4 {[%clk 1:30:56]} e6 {[%clk 1:30:54]} 2. d4 {[%clk 1:31:03]} d5 {[%clk
1:31:19]} 3. Nc3 {[%clk 1:30:45]} Bb4 {[%clk 1:31:11]} 4. Bd3 {[%clk 1:29:57]}
Ne7 {[%clk 1:31:24]} 5. Nf3 {[%clk 1:29:24]} O-O {[%clk 1:31:19]} 6. O-O {[%clk
1:29:45]} c6 {[%clk 1:31:36]} 7. e5 {[%clk 1:29:54]} Nd7 {[%clk 1:31:46]} 8.
Ne2 {[%clk 1:29:38]} f6 {[%clk 1:31:50]} 9. Ng3 {[%clk 1:26:04]} Qe8 {[%clk
1:31:26]} 10. c3 {[%clk 1:25:04]} Ba5 {[%clk 1:31:48]} 11. Qc2 {[%clk 1:25:06]}
h6 {[%clk 1:30:42]} 12. h3 {[%clk 1:20:43]} fxe5 {[%clk 1:30:52]} 13. dxe5
{[%clk 1:20:03]} a6 {[%clk 1:29:33]} 14. Be3 {[%clk 1:19:07]} b5 {[%clk
1:29:34]} 15. a3 {[%clk 1:15:29]} Bc7 {[%clk 1:29:55]} 16. Rfe1 {[%clk
1:13:53]} Nxe5 {[%clk 1:28:57]} 17. Nxe5 {[%clk 1:07:05]} Bxe5 {[%clk 1:29:09]}
18. Rf1 {[%clk 1:07:01]} Bd6 {[%clk 1:24:23]} 19. b4 {[%clk 1:07:10]} Bd7
{[%clk 1:23:05]} 20. Rae1 {[%clk 1:06:18]} Qb8 {[%clk 1:16:55]} 21. Bd2 {[%clk
1:03:32]} Bxg3 {[%clk 1:12:57]} 22. fxg3 {[%clk 1:01:03]} Qxg3 {[%clk 1:12:21]}
23. Re3 {[%clk 0:59:07]} Rxf1+ {[%clk 1:11:50]} 24. Bxf1 {[%clk 0:59:05]} Qh4
{[%clk 1:08:03]} 25. Be1 {[%clk 0:56:02]} Qf4 {[%clk 1:06:08]} 26. Rf3 {[%clk
0:55:25]} Qe5 {[%clk 1:05:05]} 27. Bf2 {[%clk 0:54:13]} Rf8 {[%clk 1:04:20]}
28. Rg3 {[%clk 0:51:25]} Nf5 {[%clk 1:02:38]} 29. Rf3 {[%clk 0:50:34]} Be8
{[%clk 0:57:51]} 30. Bd3 {[%clk 0:47:03]} Rf7 {[%clk 0:55:29]} 31. g4 {[%clk
0:41:05]} Ne7 {[%clk 0:52:58]} 32. Re3 {[%clk 0:35:08]} Qd6 33. Bg3 {[%clk
0:33:26]} Qd7 {[%clk 0:50:20]} 34. Re5 {[%clk 0:31:13]} Rf6 {[%clk 0:47:19]}
35. h4 {[%clk 0:30:44]} Bg6 {[%clk 0:45:13]} 36. Bxg6 {[%clk 0:30:28]} Rxg6
{[%clk 0:45:23]} 37. g5 0-1

[Event "ODJM C 2022"]
[Site "Willingen GER"]
[Date "2022.06.05"]
[Round "2"]
[White "Heß, Maxim"]
[Black "Gauer, Liam"]
[Result "1/2-1/2"]
[Termination "normal"]
[Board "7"]
[WhiteElo "1146"]
[BlackElo "1028"]
[WhiteClock "00:03:57"]
[BlackClock "00:36:39"]
[PlyCount "98"]
[WhiteFideId "16287550"]
[BlackFideId "16235720"]
[EventCountry "GER"]
[EventRounds "9"]
[EventType "swiss"]
[EventDate "2022.06.04"]

1. d4 {[%clk 1:30:56]} d5 {[%clk 1:30:52]} 2. e3 {[%clk 1:31:19]} Bf5 {[%clk
1:30:42]} 3. Nf3 {[%clk 1:30:50]} e6 {[%clk 1:30:27]} 4. c4 {[%clk 1:28:27]}
dxc4 {[%clk 1:26:20]} 5. Bxc4 {[%clk 1:27:21]} Nf6 {[%clk 1:21:00]} 6. O-O
{[%clk 1:25:48]} Nc6 {[%clk 1:19:55]} 7. Nc3 {[%clk 1:16:56]} Nb4 {[%clk
1:16:44]} 8. a3 {[%clk 1:16:49]} Nbd5 {[%clk 1:15:09]} 9. Re1 {[%clk 1:11:13]}
c6 {[%clk 1:09:20]} 10. Nd2 {[%clk 1:03:13]} Nxc3 {[%clk 1:02:51]} 11. bxc3
{[%clk 1:03:29]} Ne4 {[%clk 1:01:01]} 12. Nxe4 {[%clk 1:00:16]} Bxe4 {[%clk
1:01:17]} 13. a4 {[%clk 0:53:37]} Qa5 {[%clk 1:00:37]} 14. Bb2 {[%clk 0:52:24]}
Bd6 {[%clk 0:59:31]} 15. f3 {[%clk 0:45:17]} Bd5 {[%clk 0:59:21]} 16. Bd3
{[%clk 0:41:08]} c5 {[%clk 0:54:30]} 17. e4 {[%clk 0:33:05]} Bc6 {[%clk
0:54:13]} 18. e5 {[%clk 0:28:50]} Be7 {[%clk 0:53:52]} 19. Bf1 {[%clk 0:20:15]}
cxd4 {[%clk 0:48:04]} 20. cxd4 {[%clk 0:17:49]} O-O {[%clk 0:46:43]} 21. f4
{[%clk 0:13:17]} Bd5 {[%clk 0:45:28]} 22. Ba3 {[%clk 0:11:59]} Bxa3 {[%clk
0:45:21]} 23. Rxa3 {[%clk 0:12:12]} Qb4 {[%clk 0:42:32]} 24. Rh3 {[%clk
0:11:51]} h6 {[%clk 0:42:00]} 25. Bd3 {[%clk 0:10:10]} Qxd4+ {[%clk 0:41:56]}
26. Kh1 {[%clk 0:10:13]} Qxf4 {[%clk 0:41:44]} 27. Bc2 {[%clk 0:09:22]} Rad8
{[%clk 0:40:58]} 28. Qe2 {[%clk 0:06:25]} Bc4 {[%clk 0:39:38]} 29. Qe4 {[%clk
0:04:46]} Qxe4 {[%clk 0:39:55]} 30. Bxe4 {[%clk 0:05:10]} b6 {[%clk 0:37:45]}
31. Kg1 {[%clk 0:05:15]} Rd4 {[%clk 0:37:40]} 32. g4 {[%clk 0:05:10]} Rfd8
{[%clk 0:37:31]} 33. g5 {[%clk 0:05:16]} Rd1 {[%clk 0:36:32]} 34. Rxd1 {[%clk
0:04:27]} Rxd1+ {[%clk 0:36:54]} 35. Kf2 {[%clk 0:04:47]} hxg5 {[%clk 0:36:06]}
36. Bc2 {[%clk 0:04:27]} Rf1+ {[%clk 0:36:08]} 37. Ke3 {[%clk 0:04:18]} b5
{[%clk 0:35:44]} 38. axb5 {[%clk 0:03:08]} Bxb5 {[%clk 0:36:01]} 39. Kd2 {[%clk
0:03:11]} a5 {[%clk 0:35:43]} 40. Rb3 {[%clk 0:03:16]} Be8 {[%clk 0:35:47]} 41.
Rb8 {[%clk 0:03:36]} Kf8 {[%clk 0:35:57]} 42. Ba4 {[%clk 0:03:59]} f6 {[%clk
0:35:30]} 43. Bxe8 {[%clk 0:03:33]} Ke7 {[%clk 0:35:44]} 44. Ke2 {[%clk
0:03:21]} Rh1 {[%clk 0:35:42]} 45. Bc6 {[%clk 0:03:06]} Rxh2+ {[%clk 0:36:02]}
46. Kf1 {[%clk 0:03:25]} fxe5 {[%clk 0:36:10]} 47. Bg2 {[%clk 0:03:29]} a4
{[%clk 0:36:02]} 48. Ra8 {[%clk 0:03:46]} Rh4 {[%clk 0:36:23]} 49. Bc6 {[%clk
0:03:57]} Kf6 {[%clk 0:36:39]} 1/2-1/2

[Event "ODJM C 2022"]
[Site "Willingen GER"]
[Date "2022.06.05"]
[Round "2"]
[White "Schöne, Finn"]
[Black "Seelinger, Elina"]
[Result "1-0"]
[Termination "normal"]
[Board "9"]
[WhiteElo "1110"]
[BlackElo "1022"]
[PlyCount "73"]
[WhiteFideId "34623493"]
[BlackFideId "34623485"]
[EventCountry "GER"]
[EventRounds "9"]
[EventType "swiss"]
[EventDate "2022.06.04"]

1. d4 d5 2. Bf4 Nc6 3. Nc3 Bf5 4. e3 e6 5. g4 Bg6 6. h4 h6 7. Bd3 Bxd3 8. Qxd3
Bd6 9. Bxd6 Qxd6 10. Nf3 Nf6 11. O-O-O O-O-O 12. g5 hxg5 13. Nxg5 Qe7 14. Rh3
Ng4 15. Qe2 f5 16. f3 Nf6 17. Rdh1 g6 18. a3 Nh7 19. f4 Nxg5 20. fxg5 Rh5 21.
Qf3 Rd7 22. Ne2 e5 23. Qg2 Rd8 24. dxe5 Qxe5 25. Nf4 Rh7 26. Nxg6 Qg7 27. Nf4
d4 28. exd4 Rxd4 29. Ne6 Rg4 30. Nxg7 Rxg2 31. Nxf5 Ne5 32. Re3 Ng4 33. g6 Rh8
34. g7 Rd8 35. Rd3 Nf6 36. Ne7+ Kb8 37. Rxd8# 1-0

[Event "ODJM C 2022"]
[Site "Willingen GER"]
[Date "2022.06.05"]
[Round "2"]
[White "Reh, Krispin"]
[Black "Reger, Christoph"]
[Result "0-1"]
[Termination "normal"]
[Board "10"]
[WhiteElo "1006"]
[BlackElo "1056"]
[PlyCount "42"]
[WhiteFideId "16299205"]
[BlackFideId "16287606"]
[EventCountry "GER"]
[EventRounds "9"]
[EventType "swiss"]
[EventDate "2022.06.04"]

1. e4 d5 2. Nc3 d4 3. Nb5 c6 4. Na3 e5 5. Bc4 Nf6 6. d3 a5 7. b4 b5 8. Bxf7+
Kxf7 9. Nf3 Bxb4+ 10. Nd2 Qe7 11. Nab1 Rf8 12. a3 Bxd2+ 13. Bxd2 Kg8 14. O-O
Ng4 15. h3 Nf6 16. c3 Ba6 17. Qf3 Nfd7 18. cxd4 Rxf3 19. gxf3 exd4 20. Kh1 Ne5
21. f4 Nxd3 0-1

[Event "ODJM C 2022"]
[Site "Willingen GER"]
[Date "2022.06.05"]
[Round "2"]
[White "Jansen, Malte"]
[Black "Aguike, Chidera"]
[Result "1-0"]
[Termination "normal"]
[Board "11"]
[WhiteElo "1391"]
[BlackElo "1266"]
[PlyCount "63"]
[WhiteFideId "16295137"]
[BlackFideId "34611339"]
[EventCountry "GER"]
[EventRounds "9"]
[EventType "swiss"]
[EventDate "2022.06.04"]

1. e4 e5 2. Nf3 Nc6 3. Bc4 Bc5 4. c3 d6 5. d4 Bb6 6. O-O Bg4 7. Be3 Nf6 8. d5
Na5 9. Bxb6 axb6 10. Bd3 c5 11. b4 c4 12. Bc2 Nb3 13. Bxb3 cxb3 14. Qxb3 Nxe4
15. Nbd2 Nxd2 16. Nxd2 Qg5 17. Ne4 Qg6 18. Rae1 f5 19. Nd2 f4 20. c4 h5 21. c5
O-O 22. cxd6 Qxd6 23. Nc4 Qg6 24. Nxe5 Qf5 25. d6+ Qe6 26. Nc4 Qf7 27. Re7 Qd5
28. h3 Be6 29. Qc3 Rf7 30. Nxb6 Qxd6 31. Rxf7 Qxb6 32. Qxg7# 1-0

[Event "ODJM C 2022"]
[Site "Willingen GER"]
[Date "2022.06.05"]
[Round "2"]
[White "Klockhaus, Daniel"]
[Black "Bücker, Phil"]
[Result "0-1"]
[Termination "normal"]
[Board "13"]
[WhiteElo "1451"]
[BlackElo "933"]
[PlyCount "68"]
[WhiteFideId "16299132"]
[BlackFideId "34623841"]
[EventCountry "GER"]
[EventRounds "9"]
[EventType "swiss"]
[EventDate "2022.06.04"]

1. e4 c5 2. Nc3 Nc6 3. Nf3 e6 4. Bc4 Qc7 5. d3 a6 6. a4 b6 7. O-O Bb7 8. Re1
Nf6 9. Bd2 Bd6 10. Qc1 Ng4 11. h3 Nh2 12. Nh4 Be7 13. Bg5 h6 14. Bxe7 Nxe7 15.
f4 g5 16. fxg5 Qg3 17. Nf5 exf5 18. Re3 Qd6 19. exf5 O-O-O 20. gxh6 Nxf5 21.
Ne4 Bxe4 22. Rxe4 Rhe8 23. Rxe8 Rxe8 24. Bxf7 Re7 25. h7 Qd4+ 26. Kxh2 Rxf7 27.
Qg5 Qe5+ 28. Kg1 Qd4+ 29. Kh2 Qe5+ 30. Kg1 Qd4+ 31. Kf1 Ng3+ 32. Ke1 Qf2+ 33.
Kd1 Qe2+ 34. Kc1 Qe1# 0-1

[Event "ODJM C 2022"]
[Site "Willingen GER"]
[Date "2022.06.05"]
[Round "2"]
[White "Burdett, Sabah"]
[Black "Moissl, Julian"]
[Result "1-0"]
[Termination "normal"]
[Board "14"]
[WhiteElo "1247"]
[BlackElo "1146"]
[PlyCount "21"]
[WhiteFideId "16267702"]
[BlackFideId "16295129"]
[EventCountry "GER"]
[EventRounds "9"]
[EventType "swiss"]
[EventDate "2022.06.04"]

1. d4 d5 2. Bf4 Bf5 3. e3 Nf6 4. Nd2 e6 5. Ngf3 Bd6 6. Ne5 O-O 7. Be2 Nfd7 8.
Ndf3 Qf6 9. Bg5 Bxe5 10. Bxf6 Bxf6 11. O-O 1-0

[Event "ODJM C 2022"]
[Site "Willingen GER"]
[Date "2022.06.05"]
[Round "2"]
[White "Lola, Ioanna-Maria"]
[Black "Akcapinar, Timur"]
[Result "0-1"]
[Termination "normal"]
[Board "16"]
[WhiteElo "842"]
[BlackElo "1278"]
[PlyCount "82"]
[WhiteFideId "34620397"]
[BlackFideId "16287509"]
[EventCountry "GER"]
[EventRounds "9"]
[EventType "swiss"]
[EventDate "2022.06.04"]

1. d4 Nf6 2. Nf3 d5 3. Bf4 Nc6 4. e3 Bg4 5. Bd3 Ne4 6. Nbd2 Nxd2 7. Kxd2 e6 8.
h3 Bxf3 9. Qxf3 Bd6 10. Rhe1 Bxf4 11. Qxf4 Qe7 12. Ke2 Qd6 13. Qxd6 cxd6 14.
Bb5 Rc8 15. Rac1 O-O 16. Kf1 Nb4 17. a3 Nxc2 18. Re2 Nxe3+ 19. fxe3 Rxc1+ 20.
Kf2 Rfc8 21. Bd3 e5 22. Bf5 R8c7 23. h4 e4 24. Kg3 R7c2 25. Bg4 Rxe2 26. Bxe2
Rc2 27. Bd1 Rxb2 28. a4 a6 29. a5 Ra2 30. Bb3 Rxa5 31. Kf4 Rb5 32. Ba4 Rb4 33.
Bd7 a5 34. g3 a4 35. Bc8 a3 36. h5 a2 37. g4 a1=Q 38. Kg5 Qf1 39. Bf5 Qh3 40.
h6 f6+ 41. Kf4 Qf3# 0-1

[Event "ODJM C 2022"]
[Site "Willingen GER"]
[Date "2022.06.05"]
[Round "2"]
[White "Hasselmann, Isabelle Sophia"]
[Black "Classen, Miguel"]
[Result "0-1"]
[Termination "normal"]
[Board "17"]
[WhiteElo "1270"]
[BlackElo "881"]
[PlyCount "116"]
[WhiteFideId "16266951"]
[BlackFideId "34623825"]
[EventCountry "GER"]
[EventRounds "9"]
[EventType "swiss"]
[EventDate "2022.06.04"]

1. e4 e6 2. d4 d5 3. exd5 exd5 4. Nc3 Nf6 5. Bg5 c6 6. Nf3 h6 7. Bh4 Bd6 8. Qd2
O-O 9. O-O-O Qc7 10. Bxf6 Bf4 11. Be5 Bxd2+ 12. Rxd2 Qe7 13. Re2 Qd8 14. h4 Re8
15. Bc7 Qd7 16. Rxe8+ Qxe8 17. Bd3 Be6 18. Re1 Na6 19. Bf4 Nb4 20. Bf1 Qd7 21.
Ne5 Qd6 22. Bg3 f6 23. Nd3 Nxd3+ 24. Bxd3 Qd7 25. Na4 b6 26. Nc3 Bf5 27. Bf1
Re8 28. Rd1 Re6 29. Ne2 c5 30. f3 Qd6 31. b3 Qc6 32. Bf4 c4 33. g4 cxb3 34. Rd2
bxa2 35. Kb2 Qa4 36. Ka1 Bxc2 37. Nc3 Qa5 38. Rxc2 Rc6 39. Bd2 Qb4 40. Kxa2 b5
41. Bxb5 Rxc3 42. Rxc3 Qxb5 43. Ka3 a5 44. Rb3 Qe2 45. Bxa5 Qa6 46. Ka4 Qc4+
47. Rb4 Qa2+ 48. Kb5 Qe2+ 49. Kc6 Qa6+ 50. Kxd5 Qxa5+ 51. Kc4 Qc7+ 52. Kd3 Qc6
53. g5 Qa6+ 54. Kc3 hxg5 55. hxg5 fxg5 56. d5 Qf6+ 57. Kc4 Qxf3 58. d6 Qc6+ 0-1